000 00375cam a2200157ua 4500
041 _aeng
_h
082 _a828.09
_bWED/ED
100 _aWedgwood, C V.
245 _aEdwardGibbon /
_cC V Wedgwood.
_hTextual Documents
260 _aLondon :
_bLongaman Green and Co ,
_c1955.
300 _a36 ; .
504 _a
942 _cBK
999 _c3612
_d3612